000 00570nam a22001817a 4500
005 20251127113703.0
008 251121b |||||||| |||| 00| 0 eng d
020 _a978-81-19613-15-1
041 _aeng
082 _a363.7MIS-E
100 _aMISHRA, ANKIT KUMAR. 2- MISHRA, DR, J.N. 3- BHARATI, VINAY. 4-PANDEY, ABHUDAY BHUSAN
_98763
245 _aENVIRONMENTAL SCIENCE: FOR THE STUDENTS OF B. PHARMA [2ND ED,]
250 _a1ST ED. 2024
260 _aNEW DELHI
_bINNOVATIVE PUBLICATION PVT LTD
_c2024
300 _a83;P
650 _aPHARMACY
_xB.PHARMA
942 _cBK
999 _c8938
_d8936